[Event "POL-chT U19 1st League"]
[Site "Ustron"]
[Date "2011.??.??"]
[Round "8.20"]
[White "Malec, Robert"]
[Black "Lukasiewicz, Aleksander"]
[Result "0-1"]
[WhiteElo "1830"]
[BlackElo "1925"]
[PlyCount "34"]
[EventDate "2011.06.24"]
[EventType "team-tourn"]
[EventRounds "9"]
[EventCountry "POL"]
[SourceTitle "EXT 2015"]
[Source "ChessBase"]
[SourceDate "2014.11.20"]
[SourceVersion "1"]
[SourceVersionDate "2014.11.20"]
[SourceQuality "1"]
[WhiteTeam "Legnica Miedz U19"]
[BlackTeam "Wroclaw KS Polonia U19 II"]
[WhiteTeamCountry "POL"]
[BlackTeamCountry "POL"]

1. e4 e5 2. Nf3 Nc6 3. Nc3 Nf6 4. a3 g6 5. d4 exd4 6. Nxd4 Bg7 7. Be3 d5 8. Bb5 0-0 9. Nxc6 bxc6 10. Bxc6 Rb8 11. exd5 Ba6 12. Rb1 Ng4 13. Qd2 Qh4 14. h3 Rfe8 15. Bxe8 Rxe8 16. g3 Qh5 17. Nd1 Ne5 0-1

[Event "POL-chT U19 1st League"]
[Site "Ustron"]
[Date "2011.??.??"]
[Round "7.14"]
[White "Pietruszewski, Marcin"]
[Black "Malec, Robert"]
[Result "1-0"]
[WhiteElo "2111"]
[BlackElo "1830"]
[PlyCount "93"]
[EventDate "2011.06.24"]
[EventType "team-tourn"]
[EventRounds "9"]
[EventCountry "POL"]
[SourceTitle "EXT 2015"]
[Source "ChessBase"]
[SourceDate "2014.11.20"]
[SourceVersion "1"]
[SourceVersionDate "2014.11.20"]
[SourceQuality "1"]
[WhiteTeam "Suwalki Hancza U19"]
[BlackTeam "Legnica Miedz U19"]
[WhiteTeamCountry "POL"]
[BlackTeamCountry "POL"]

1. e4 c5 2. Nf3 Nc6 3. Nc3 e6 4. d4 cxd4 5. Nxd4 Qc7 6. Be3 a6 7. Bd3 Nf6 8. 0-0 Nxd4 9. Bxd4 Bc5 10. Bxc5 Qxc5 11. Kh1 d6 12. Qe2 e5 13. f4 Bg4 14. Qd2 exf4 15. Qxf4 Qe5 16. Nd5 Qxf4 17. Rxf4 Nxd5 18. exd5 Bd7 19. Re1+ Kf8 20. Rb4 b5 21. Kg1 Re8 22. Rxe8+ Bxe8 23. Kf2 Bd7 24. Ke3 f6 25. Rf4 Kf7 26. Kd4 Re8 27. Rf1 Re5 28. b3 Bg4 29. Rf2 Re1 30. Rd2 Bd7 31. c4 Rc1 32. b4 bxc4 33. Bxc4 Bb5 34. Bb3 Ke7 35. a4 Bf1 36. g3 Kd7 37. Ra2 Rb1 38. Kc3 Kc7 39. Bc2 Re1 40. Bxh7 Re3+ 41. Kd4 Rb3 42. Ra1 Be2 43. Rb1 Ra3 44. Bc2 Rf3 45. Re1 Bf1 46. Be4 Rf2 47. Ke3 1-0

[Event "POL-ch U16"]
[Site "Karpacz"]
[Date "2010.03.08"]
[Round "4"]
[White "Duda, Jan Krzysztof"]
[Black "Malec, Robert"]
[Result "1-0"]
[WhiteElo "2197"]
[BlackElo "1854"]
[PlyCount "71"]
[EventDate "2010.03.06"]
[EventType "swiss"]
[EventRounds "11"]
[EventCountry "POL"]
[SourceTitle "CBM 135 Extra"]
[Source "ChessBase"]
[SourceDate "2010.05.04"]
[SourceVersion "1"]
[SourceVersionDate "2010.05.04"]
[SourceQuality "1"]

1. e4 c5 2. Nf3 Nc6 3. d4 cxd4 4. Nxd4 Nf6 5. Nc3 e5 6. Ndb5 d6 7. Bg5 a6 8. Na3 b5 9. Nd5 Be7 10. Bxf6 Bxf6 11. c3 Bg5 12. Nc2 Ne7 13. Ncb4 0-0 14. a4 bxa4 15. Rxa4 a5 16. Nxe7+ Qxe7 17. Nd5 Qb7 18. b3 Kh8 19. h4 Bh6 20. Bc4 f5 21. exf5 Bxf5 22. 0-0 Be6 23. Nb6 Qxb6 24. Bxe6 Rf6 25. Bd5 Raf8 26. Bf3 Rxf3 27. gxf3 Bf4 28. Qd5 Qd8 29. Rd1 Qxh4 30. Kf1 Qh3+ 31. Ke2 Bg5 32. Rg4 Bh4 33. Qe4 g5 34. Rxd6 Qh2 35. Qe3 h5 36. Rxh4 1-0

[Event "Polanica Zdroj op-B 45th"]
[Site "Polanica Zdroj"]
[Date "2009.08.27"]
[Round "10"]
[White "Malec, Robert"]
[Black "Usatiuk, Igor"]
[Result "1/2-1/2"]
[WhiteElo "1810"]
[BlackElo "2061"]
[PlyCount "75"]
[EventDate "2009.08.18"]
[EventType "swiss"]
[EventRounds "10"]
[EventCountry "POL"]
[SourceTitle "CBM 131 Extra"]
[Source "ChessBase"]
[SourceDate "2009.09.03"]
[SourceVersion "2"]
[SourceVersionDate "2009.09.16"]
[SourceQuality "1"]

1. e4 e6 2. Nf3 d5 3. Nc3 d4 4. Ne2 c5 5. c3 Nc6 6. d3 e5 7. g3 h6 8. Bg2 g5 9. Qc2 Bd6 10. h3 Nge7 11. g4 Ng6 12. Ng3 Nf4 13. Bxf4 gxf4 14. Nf5 Kf8 15. a4 b6 16. Nd2 Ba6 17. Nf3 Rc8 18. c4 Bb7 19. Ke2 Qd7 20. b3 Be7 21. Qd2 Bf6 22. Rhg1 Ne7 23. N3h4 Bxh4 24. Nxh4 h5 25. Nf5 hxg4 26. hxg4 Rg8 27. Bf3 Rc6 28. Rh1 Rcg6 29. Rh4 Nxf5 30. gxf5 Rg1 31. Rxg1 Rxg1 32. Rh1 Rxh1 33. Bxh1 Qc6 34. Bf3 Ke7 35. Qd1 a6 36. Qh1 Qf6 37. Qh7 Kf8 38. Qh1 1/2-1/2

[Event "Polanica Zdroj op-C 44th"]
[Site "Polanica Zdroj"]
[Date "2008.08.22"]
[Round "4"]
[White "Malec, Robert"]
[Black "Kurcius, Ewa"]
[Result "1-0"]
[WhiteElo "1789"]
[BlackElo "1653"]
[PlyCount "35"]
[EventDate "2008.08.19"]
[EventType "swiss"]
[EventRounds "9"]
[EventCountry "POL"]
[SourceTitle "CBM 126 Extra"]
[Source "ChessBase"]
[SourceDate "2008.11.05"]
[SourceVersion "1"]
[SourceVersionDate "2008.11.05"]
[SourceQuality "1"]

1. e4 c5 2. Nf3 e6 3. d4 cxd4 4. Nxd4 Nc6 5. Nc3 Nf6 6. Nxc6 bxc6 7. Bd3 Bb4 8. 0-0 d5 9. e5 Nd7 10. f4 a5 11. Bd2 Ba6 12. Bxa6 Rxa6 13. Qe2 Ra8 14. f5 Qe7 15. Rae1 Bc5+ 16. Kh1 Bd4 17. Qg4 Bb6 18. Qxg7 1-0

[Event "Ostroda op 5th"]
[Site "Ostroda"]
[Date "2008.08.05"]
[Round "2.3"]
[White "Malec, Robert"]
[Black "Tuszynski, Eugeniusz"]
[Result "1-0"]
[WhiteElo "1789"]
[BlackElo "1792"]
[PlyCount "87"]
[EventDate "2008.08.04"]
[EventType "swiss"]
[EventRounds "9"]
[EventCountry "POL"]
[SourceTitle "EXT 2023"]
[Source "ChessBase"]
[SourceDate "2022.10.05"]
[SourceVersion "1"]
[SourceVersionDate "2022.10.05"]
[SourceQuality "1"]

1. e4 c5 2. Nf3 Nc6 3. d4 cxd4 4. Nxd4 d6 5. Nc3 Nf6 6. Bc4 e6 7. Bb3 Be7 8. Be3 a6 9. 0-0 Bd7 10. f4 0-0 11. Qf3 Nxd4 12. Bxd4 Qc7 13. Qg3 Nh5 14. Qf3 Nf6 15. Kh1 b5 16. e5 dxe5 17. fxe5 Bc6 18. Qg3 Ne4 19. Nxe4 Bxe4 20. Rf4 Bf5 21. Re1 Qd8 22. c3 Bg5 23. Ref1 Bxf4 24. Rxf4 Rc8 25. h4 a5 26. a3 Qe7 27. Qf2 h5 28. Bd1 g6 29. Qg3 Kh7 30. Rf2 b4 31. axb4 axb4 32. Bc2 bxc3 33. bxc3 Bxc2 34. Rxc2 Rc4 35. Rf2 Rd8 36. Qf4 Kg7 37. Ra2 Rb8 38. Ra7 Rb7 39. Qf6+ Qxf6 40. exf6+ Kg8 41. Rxb7 e5 42. Bxe5 Rxh4+ 43. Kg1 Re4 44. Bd4 1-0

[Event "POL-chT U19 1th League"]
[Site "Gorzow Wielkopolski"]
[Date "2008.07.10"]
[Round "6.27"]
[White "Klepaczka, Tomasz"]
[Black "Malec, Robert"]
[Result "1-0"]
[WhiteElo "2047"]
[BlackElo "1789"]
[PlyCount "120"]
[EventDate "2008.07.05"]
[EventType "team-tourn"]
[EventRounds "9"]
[EventCountry "POL"]
[SourceTitle "EXT 2019"]
[Source "ChessBase"]
[SourceDate "2018.10.10"]
[SourceVersion "1"]
[SourceVersionDate "2018.10.10"]
[SourceQuality "1"]
[WhiteTeam "Skierniewice KS Piatka U19"]
[BlackTeam "Legnica Miedz U19"]
[WhiteTeamCountry "POL"]
[BlackTeamCountry "POL"]

1. e4 c5 2. Nc3 a6 3. g3 b5 4. Bg2 Bb7 5. d3 e6 6. f4 b4 7. Nce2 d5 8. e5 h5 9. d4 c4 10. Nf3 Nh6 11. h3 Be7 12. Be3 Nc6 13. g4 Qb6 14. Ng3 hxg4 15. hxg4 0-0-0 16. Ng5 Rdf8 17. Bf3 Kb8 18. Kf1 Bc8 19. Ke2 a5 20. c3 Bd7 21. Qd2 Bc8 22. Raf1 f6 23. Nh3 f5 24. Nf2 g6 25. Rfg1 Rfg8 26. Rg2 Nf7 27. Rhg1 Qd8 28. Nf1 Qf8 29. Qc2 Ba6 30. Qa4 Kb7 31. Ke1 Kb6 32. Bd2 Bb5 33. Qc2 Qe8 34. Ne3 a4 35. b3 axb3 36. axb3 cxb3 37. Qxb3 Qa8 38. Bxd5 Qa1+ 39. Nfd1 exd5 40. Nxd5+ Kb7 41. Nxe7 Ba4 42. Qb2 Qxd1+ 43. Kf2 Qc2 44. Qxc2 Bxc2 45. Nxg8 Rxg8 46. d5 Ne7 47. d6 bxc3 48. Bxc3 Nd5 49. Bd2 Rh8 50. Kg3 fxg4 51. Kxg4 Bf5+ 52. Kf3 Rh3+ 53. Ke2 Kc6 54. Rc1+ Kd7 55. Ra1 Bd3+ 56. Kf2 Be4 57. Rgg1 Rh2+ 58. Ke1 Bf3 59. Ra7+ Ke6 60. Rxg6+ Kf5 1-0

[Event "POL-chT U19 1th League"]
[Site "Gorzow Wielkopolski"]
[Date "2008.07.09"]
[Round "5.9"]
[White "Malec, Robert"]
[Black "Mondrzycki, Bartlomiej"]
[Result "0-1"]
[WhiteElo "1789"]
[BlackElo "2012"]
[PlyCount "76"]
[EventDate "2008.07.05"]
[EventType "team-tourn"]
[EventRounds "9"]
[EventCountry "POL"]
[SourceTitle "EXT 2019"]
[Source "ChessBase"]
[SourceDate "2018.10.10"]
[SourceVersion "1"]
[SourceVersionDate "2018.10.10"]
[SourceQuality "1"]
[WhiteTeam "Legnica Miedz U19"]
[BlackTeam "Wroclaw MUKS MDK Srodmiescie U19"]
[WhiteTeamCountry "POL"]
[BlackTeamCountry "POL"]

1. e4 c5 2. c3 Nf6 3. e5 Nd5 4. Bc4 Nb6 5. Be2 Nc6 6. Nf3 d6 7. exd6 Qxd6 8. d4 cxd4 9. Nxd4 Nxd4 10. Qxd4 Qxd4 11. cxd4 g6 12. Nc3 Bg7 13. Be3 0-0 14. 0-0 Rd8 15. Rfd1 Be6 16. Rac1 Nd5 17. Nxd5 Bxd5 18. Bc4 Bxc4 19. Rxc4 Rd7 20. Rc2 Rad8 21. Rcd2 Rd5 22. Kf1 f5 23. g3 Kf7 24. Ke2 h6 25. f4 Ke6 26. Rd3 Ra5 27. a3 Rb5 28. R1d2 Kd5 29. Bf2 Rc8 30. Kd1 Rb6 31. Rc2 Rbc6 32. Rxc6 Rxc6 33. Kd2 Re6 34. Bg1 Re4 35. Kc3 Re1 36. Bf2 Re2 37. Bg1 Rg2 38. Rd1 Rxg1 0-1

[Event "Wroclaw Polonia CC-B 3rd"]
[Site "Wroclaw"]
[Date "2008.06.23"]
[Round "4"]
[White "Malec, Robert"]
[Black "Barburzynska, Magdalena"]
[Result "1-0"]
[WhiteElo "1819"]
[BlackElo "1860"]
[PlyCount "49"]
[EventDate "2008.06.21"]
[EventType "swiss"]
[EventRounds "9"]
[EventCountry "POL"]
[SourceTitle "EXT 2023"]
[Source "ChessBase"]
[SourceDate "2022.10.05"]
[SourceVersion "1"]
[SourceVersionDate "2022.10.05"]
[SourceQuality "1"]

1. e4 c5 2. Nf3 d6 3. d4 cxd4 4. Nxd4 Nf6 5. Nc3 a6 6. Bg5 e6 7. f4 Nbd7 8. Qf3 Qc7 9. 0-0-0 b5 10. g4 Bb7 11. Bxf6 Nxf6 12. Bd3 b4 13. Nce2 d5 14. e5 Nd7 15. Ng3 g5 16. Rhe1 Bg7 17. Nh5 Bh6 18. f5 Nxe5 19. Qe2 Nxd3+ 20. Rxd3 0-0-0 21. fxe6 Rde8 22. e7 Rhg8 23. Nf5 Qc6 24. Kb1 Rg6 25. Re3 1-0

[Event "Wroclaw Polonia CC-B 3rd"]
[Site "Wroclaw"]
[Date "2008.06.21"]
[Round "2"]
[White "Malec, Robert"]
[Black "Zielinski, Maciej"]
[Result "0-1"]
[WhiteElo "1819"]
[BlackElo "1926"]
[PlyCount "79"]
[EventDate "2008.06.21"]
[EventType "swiss"]
[EventRounds "9"]
[EventCountry "POL"]
[SourceTitle "EXT 2023"]
[Source "ChessBase"]
[SourceDate "2022.10.05"]
[SourceVersion "1"]
[SourceVersionDate "2022.10.05"]
[SourceQuality "1"]

1. e4 e5 2. Nf3 Nc6 3. d4 exd4 4. Nxd4 Nf6 5. Nxc6 bxc6 6. Bd3 d5 7. e5 Ng4 8. 0-0 Bc5 9. Qe2 Qe7 10. Bf4 g5 11. Bd2 h5 12. h3 Nxe5 13. Re1 Nxd3 14. Qxd3 Be6 15. Bc3 Rh6 16. Nd2 g4 17. Nb3 gxh3 18. Nxc5 Qxc5 19. Qxh3 0-0-0 20. Qd3 Rg8 21. Bd4 Qd6 22. Be5 Qc5 23. Bd4 Qe7 24. Qa6+ Kd7 25. Be5 Rhg6 26. g3 Qc5 27. Re3 Rg5 28. Bf4 Rg4 29. Be5 d4 30. Rd1 Ke7 31. Qb7 Rd8 32. Qxc7+ Rd7 33. b4 Qxb4 34. Qxc6 dxe3 35. Rxd7+ Bxd7 36. Qf6+ Ke8 37. Qh8+ Qf8 38. Qxh5 exf2+ 39. Kxf2 Qc5+ 40. Ke1 0-1

[Event "Wroclaw Polonia CC-B 3rd"]
[Site "Wroclaw"]
[Date "2008.06.21"]
[Round "5"]
[White "Zmarzly, Aleksandra"]
[Black "Malec, Robert"]
[Result "1/2-1/2"]
[WhiteElo "1848"]
[BlackElo "1819"]
[PlyCount "54"]
[EventDate "2008.06.21"]
[EventType "swiss"]
[EventRounds "9"]
[EventCountry "POL"]
[SourceTitle "EXT 2023"]
[Source "ChessBase"]
[SourceDate "2022.10.05"]
[SourceVersion "1"]
[SourceVersionDate "2022.10.05"]
[SourceQuality "1"]

1. e4 c5 2. Nf3 Nc6 3. d4 cxd4 4. Nxd4 e6 5. Nc3 Qc7 6. Be2 Nf6 7. 0-0 a6 8. Be3 Bb4 9. Na4 Be7 10. Nxc6 bxc6 11. Nb6 Rb8 12. Nxc8 Qxc8 13. Bd4 d5 14. exd5 cxd5 15. Qd3 Ra8 16. Rac1 0-0 17. c4 dxc4 18. Rxc4 Qd7 19. Rfc1 Rfc8 20. g3 a5 21. Qc2 Rxc4 22. Qxc4 Rd8 23. Be5 Qd5 24. Qc7 Rd7 25. Qb8+ Rd8 26. Qc7 Rd7 27. Qb8+ Rd8 1/2-1/2

[Event "POL 14th Olympiade U14 Boys"]
[Site "Szczawno Zdroj"]
[Date "2008.04.30"]
[Round "6"]
[White "Malec, Robert"]
[Black "Galaszewski, Patryk"]
[Result "1-0"]
[WhiteElo "1819"]
[BlackElo "1734"]
[PlyCount "55"]
[EventDate "2008.04.27"]
[EventType "swiss"]
[EventRounds "10"]
[EventCountry "POL"]
[SourceTitle "EXT 2009"]
[Source "ChessBase"]
[SourceDate "2008.11.26"]
[SourceVersion "1"]
[SourceVersionDate "2008.11.26"]
[SourceQuality "1"]

1. e4 g6 2. d4 Bg7 3. Nc3 d6 4. Be3 Nd7 5. Qd2 c6 6. h4 h5 7. Nh3 b5 8. f3 Ngf6 9. Ng5 0-0 10. a4 b4 11. Nd1 a5 12. Bc4 d5 13. Bb3 Ba6 14. Nf2 e5 15. dxe5 Nxe5 16. Nd3 Nxd3+ 17. cxd3 Qd6 18. Bf4 Qe7 19. Kf2 dxe4 20. dxe4 Rad8 21. Qc2 Nh7 22. Qxc6 Bd4+ 23. Kg3 Nxg5 24. hxg5 Kg7 25. Qxa6 f6 26. Qxa5 fxg5 27. Qxg5 Rxf4 28. Qxe7+ 1-0

[Event "POL 14th Olympiade U14 Boys"]
[Site "Szczawno Zdroj"]
[Date "2008.04.30"]
[Round "5"]
[White "Zielinski, Maciej"]
[Black "Malec, Robert"]
[Result "1-0"]
[WhiteElo "1926"]
[BlackElo "1819"]
[PlyCount "81"]
[EventDate "2008.04.27"]
[EventType "swiss"]
[EventRounds "10"]
[EventCountry "POL"]
[SourceTitle "EXT 2009"]
[Source "ChessBase"]
[SourceDate "2008.11.26"]
[SourceVersion "1"]
[SourceVersionDate "2008.11.26"]
[SourceQuality "1"]

1. e4 c5 2. Nf3 a6 3. d4 cxd4 4. Nxd4 Nf6 5. Nc3 e5 6. Nb3 Bb4 7. Bd3 Qc7 8. Bd2 0-0 9. 0-0 Bxc3 10. Bxc3 d6 11. f4 b6 12. Qe1 Bb7 13. fxe5 dxe5 14. Qg3 Nbd7 15. Nd2 Qc5+ 16. Kh1 b5 17. Rf5 Rfe8 18. Nf3 Bxe4 19. Rxe5 Nxe5 20. Bxe5 Bxd3 21. cxd3 Nh5 22. Qg5 g6 23. d4 Qd5 24. h3 Rac8 25. Nh2 f6 26. Bxf6 Qxg5 27. Bxg5 Ng3+ 28. Kg1 Ne2+ 29. Kf1 Nxd4 30. Ng4 Rf8+ 31. Kg1 Rf5 32. Nh6+ Kg7 33. Nxf5+ Nxf5 34. Rd1 Rc7 35. g4 Ng3 36. Kg2 Ne4 37. Bf4 Rc2+ 38. Kf3 Nc5 39. Rd6 Rc4 40. Be3 Ne4 41. Bd4+ 1-0

[Event "POL-chT U19 38th"]
[Site "Szklarska Poreba"]
[Date "2007.07.09"]
[Round "10"]
[White "Sowul, Bartosz"]
[Black "Malec, Robert"]
[Result "1-0"]
[WhiteElo "1957"]
[BlackElo "1878"]
[PlyCount "87"]
[EventDate "2007.07.02"]
[EventType "team-tourn"]
[EventRounds "11"]
[EventCountry "POL"]
[SourceTitle "EXT 2010"]
[Source "ChessBase"]
[SourceDate "2010.11.25"]
[SourceVersion "1"]
[SourceVersionDate "2010.11.25"]
[SourceQuality "1"]
[WhiteTeam "Suwalki Hancza U19"]
[BlackTeam "Legnica Miedz U19"]
[WhiteTeamCountry "POL"]
[BlackTeamCountry "POL"]

1. e4 c5 2. Nf3 d6 3. d4 cxd4 4. Nxd4 Nf6 5. Nc3 g6 6. Bc4 Bg7 7. h3 0-0 8. 0-0 Nc6 9. Bg5 Bd7 10. Re1 Rc8 11. Bb3 Nxd4 12. Qxd4 Bc6 13. Qxa7 Nd7 14. Qe3 Nc5 15. Nd5 Bxd5 16. exd5 f6 17. Bf4 Rf7 18. c4 f5 19. Re2 Ra8 20. Rb1 Qc8 21. Bc2 Rxa2 22. b4 Nd7 23. Bb3 Ra8 24. Rc2 b6 25. Qc1 Ra7 26. Be3 Rc7 27. Qd2 Bf6 28. Rbc1 Qb7 29. Ba4 Rf8 30. Bc6 Qb8 31. f4 Ra7 32. Ra2 Rxa2 33. Qxa2 Qc7 34. Qa4 Rd8 35. Rc2 Nb8 36. Bb5 Kg7 37. Ra2 Rc8 38. Qa7 Qxa7 39. Rxa7 Kf7 40. Bxb6 Bc3 41. Rb7 Bxb4 42. Bc7 Bc5+ 43. Kf1 Nd7 44. Bxd7 1-0

[Event "POL-chT U19 38th"]
[Site "Szklarska Poreba"]
[Date "2007.07.07"]
[Round "8"]
[White "Siwiec, Arkadiusz"]
[Black "Malec, Robert"]
[Result "1-0"]
[WhiteElo "2048"]
[BlackElo "1878"]
[PlyCount "58"]
[EventDate "2007.07.02"]
[EventType "team-tourn"]
[EventRounds "11"]
[EventCountry "POL"]
[SourceTitle "EXT 2010"]
[Source "ChessBase"]
[SourceDate "2010.11.25"]
[SourceVersion "1"]
[SourceVersionDate "2010.11.25"]
[SourceQuality "1"]
[WhiteTeam "Gorzow Wielkopolski Stilon U19"]
[BlackTeam "Legnica Miedz U19"]
[WhiteTeamCountry "POL"]
[BlackTeamCountry "POL"]

1. e4 c5 2. Nf3 Nc6 3. d4 cxd4 4. Nxd4 Nf6 5. Nc3 e5 6. Ndb5 d6 7. Bg5 a6 8. Na3 b5 9. Nd5 Qa5+ 10. Bd2 Qd8 11. Bg5 Qa5+ 12. Bd2 Qd8 13. Nxf6+ Qxf6 14. c3 Qg6 15. f3 Be7 16. Nc2 0-0 17. Ne3 f5 18. exf5 Bxf5 19. Nxf5 Qxf5 20. Qb3+ Kh8 21. Qd5 Rac8 22. Bd3 Qh5 23. 0-0 Nd8 24. Be3 Qh4 25. a4 Rb8 26. axb5 axb5 27. Bxb5 Qf6 28. Ba7 Rb7 29. Rf2 Ne6 1-0

[Event "POL-chT U19 38th"]
[Site "Szklarska Poreba"]
[Date "2007.07.05"]
[Round "5"]
[White "Musialkiewicz, Jan"]
[Black "Malec, Robert"]
[Result "1-0"]
[WhiteElo "1926"]
[BlackElo "1878"]
[PlyCount "105"]
[EventDate "2007.07.02"]
[EventType "team-tourn"]
[EventRounds "11"]
[EventCountry "POL"]
[SourceTitle "EXT 2010"]
[Source "ChessBase"]
[SourceDate "2010.11.25"]
[SourceVersion "1"]
[SourceVersionDate "2010.11.25"]
[SourceQuality "1"]
[WhiteTeam "Poznan UMKS Na Pieterku U19"]
[BlackTeam "Legnica Miedz U19"]
[WhiteTeamCountry "POL"]
[BlackTeamCountry "POL"]

1. c4 e5 2. Nc3 Bb4 3. Nf3 Bxc3 4. dxc3 d6 5. c5 Nc6 6. cxd6 cxd6 7. Bg5 Nge7 8. e3 Be6 9. Bb5 0-0 10. 0-0 h6 11. Bh4 f5 12. h3 Qd7 13. Nxe5 dxe5 14. Qxd7 Bxd7 15. Bxe7 Rfe8 16. Bd6 a6 17. Ba4 Be6 18. Rfd1 b5 19. Bb3 Bxb3 20. axb3 a5 21. Rd5 b4 22. c4 Ra6 23. Rb5 Rd8 24. Bxb4 Nxb4 25. Rxb4 axb4 26. Rxa6 Rd1+ 27. Kh2 Rd3 28. c5 Rd5 29. c6 Rc5 30. Kg3 Kh7 31. Rb6 Rc2 32. Rb5 Rxc6 33. Rxe5 Rc2 34. Rb5 Rxb2 35. Rxb4 g5 36. Rb6 h5 37. b4 Kg7 38. b5 h4+ 39. Kf3 Kf7 40. g3 Rb4 41. gxh4 Rxh4 42. Kg3 Re4 43. Rb7+ Ke6 44. b6 g4 45. h4 Rb4 46. h5 Rb1 47. Kg2 Rd1 48. h6 Rd8 49. h7 Rh8 50. Rg7 Kf6 51. Rc7 Ke6 52. b7 Kd6 53. Rc8 1-0